Antologie z dějin českého a slovenského filosofického myšlení do roku 1848
Na minha lista:
| Formato: | Livro |
|---|---|
| Idioma: | tcheco |
| Publicado em: |
Praha
Svoboda
1981
|
| Tags: |
Sem tags, seja o primeiro a adicionar uma tag!
|
MARC
| LEADER | 00000nam a2200000 4500 | ||
|---|---|---|---|
| 001 | c131288 | ||
| 005 | 20230105083807.8 | ||
| 041 | 0 | |a cze | |
| 044 | |a CZ | ||
| 245 | 1 | 0 | |a Antologie z dějin českého a slovenského filosofického myšlení |b do roku 1848 |
| 264 | 1 | |a Praha |b Svoboda |c 1981 | |
| 300 | |a 679 s. | ||